Get the Picture: Things that Fly Quiz Stats

 Plays Quiz Updated Aug 30, 2019

Score 0/16 Timer 01:30
0 Plays Today
Question Answer Wrong Answers
Hot-Air Balloon Aircraft
96.9%
Bird
0.2%
Bat
0.2%
Insect
0.4%
Canary Bird
96.4%
Bat
0.5%
Aircraft
0.3%
Insect
0.2%
Wasp Insect
96.3%
Bird
0.5%
Bat
0.5%
Aircraft
0.4%
Biplane Aircraft
96.2%
Bird
0.6%
Bat
0.4%
Insect
0.4%
Swallow Bird
96.1%
Bat
0.6%
Aircraft
0.3%
Insect
0.6%
Partridge Bird
95.4%
Bat
0.8%
Aircraft
0.6%
Insect
0.7%
Moth Insect
94.1%
Bird
0.9%
Bat
2.4%
Aircraft
0.4%
Blimp Aircraft
92.1%
Bird
2.2%
Bat
1.2%
Insect
2%
Turboprop Aircraft
91.7%
Bird
2%
Bat
2.4%
Insect
1.3%
Warbler Bird
90%
Bat
3.6%
Aircraft
1.6%
Insect
2.2%
Flying Fox Bat
89.9%
Bird
2.8%
Aircraft
4.4%
Insect
0.8%
Aphid Insect
87.7%
Bird
3.2%
Bat
5.6%
Aircraft
0.8%
Noctule Bat
75.1%
Bird
10.3%
Aircraft
1.9%
Insect
10.1%
Antlion Insect
65%
Bird
9%
Bat
18.1%
Aircraft
5.2%
Myotis Bat
40.9%
Bird
7.9%
Aircraft
2.2%
Insect
46.4%
Pipistrelle Bat
34.3%
Bird
50.8%
Aircraft
3.6%
Insect
8.8%

Today's Daily Dose

You're not logged in!

Compare scores with friends on all Sporcle quizzes.
OR
Log In

Sporcle TV

Today on Sporcle TV


Watch our educational content, quiz creation guides, and fun videos on Sporcle TV.

Show Comments

Extras

Top Quizzes Today


Score Distribution

Your Account Isn't Verified!

In order to create a playlist on Sporcle, you need to verify the email address you used during registration. Go to your Sporcle Settings to finish the process.

Report this User

Report this user for behavior that violates our Community Guidelines.

Details: